00403nam a2200145 i 450000100060000000300090000600500170001500700030003200800410003510000250007624500890010126000340019030000090022485200240023329703ES-MaACL20230906154056.0t|030122s1861 fr ||||1| fre d1 aBarres, Fernand des.14aUna aventure au XIII siecle b: mecit du temps de Saint Louis /cFernand des Barres. aParís : bE. Dentu, c1861. a1 t. aES-MaACLjT-219-F-3